期刊信息 |
| 索取号 |
I2/CL
|
| 题名 |
CHINESE LITERATURE
|
| 作者 |
|
| 分册号 |
|
| 分册名 |
|
| 出版地 |
China
|
| 出版者 |
CHINESE LITERATURE PRESS
|
| 标准刊号 |
|
| 出版频率 |
季刊
|
| 中图法分类 |
I2
|
| 主题词 |
文学 中国
|
| 电子资源 | |
| |
|
| 000 | 00766nas0 2200205 45 | |
| 001 | 0756384109 | |
| 005 | 20070416154700.57 | |
| 100 | @a20070416d km y0chiy0120 ea | |
| 101 | 0 | @aeng |
| 200 | 1 | @aCHINESE LITERATURE@eFICTION POETRY ART |
| 207 | @aCHINESE LITERATURE,founded in 1951 and published in English and French,is a quarterly presenting contemporary and classical writing,poetry,literary criticism and arts. | |
| 210 | @aChina@cCHINESE LITERATURE PRESS | |
| 215 | @a190页@d19cm | |
| 300 | @aNo part of Chinese Literature may be reproduced or stored in any from without prior permission criticism and arts. | |
| 326 | @a季刊 | |
| 517 | 1 | @aFICTION POETRY ART |
| 606 | 0 | @a文学@x中国 |
| 690 | @aI2@v4 | |
| 801 | 0 | @aCN@bPFT@c20070416 |
| 905 | @aTJWY@dI2@eCL | |
| CHINESE LITERATURE:FICTION POETRY ART.-CHINESE LITERATURE,founded in 1951 and published in English and French,is a quarterly presenting contemporary and classical writing,poetry,literary criticism and arts.-China:CHINESE LITERATURE PRESS |
| 190页;19cm |
| No part of Chinese Literature may be reproduced or stored in any from without prior permission criticism and arts. |
| ● |
| 相关链接: |
|
|
|
|